[Event "Titled Tuesday intern op 30th May Early"]
[Site "Chess.com INT"]
[Date "2023.05.30"]
[Round "8"]
[White "Dwilewicz, Katarzyna"]
[Black "Brod, Manfred"]
[Result "1-0"]
[WhiteElo "2115"]
[BlackElo "2163"]
[PlyCount "81"]
[EventDate "2023.05.30"]
[EventType "swiss (blitz)"]
[EventRounds "11"]
[EventCountry "USA"]
[SourceTitle "CBM 214 Extra"]
[Source "ChessBase"]
[SourceDate "2023.07.31"]
[SourceVersion "1"]
[SourceVersionDate "2023.07.31"]
[SourceQuality "1"]

1. e4 e6 2. Qe2 c5 3. Nf3 Be7 4. g3 d5 5. exd5 exd5 6. Bg2 Nf6 7. 0-0 0-0 8. d4 Bg4 9. h3 Bh5 10. dxc5 Bxc5 11. Bg5 Qd6 12. Bf4 Qb6 13. Nc3 Nc6 14. Na4 Qa5 15. Nxc5 Qxc5 16. g4 Bg6 17. c3 Rfe8 18. Be3 Qd6 19. Rad1 Rad8 20. Qd2 Ne4 21. Qc1 h5 22. Nh4 hxg4 23. hxg4 Qf6 24. Nxg6 Qxg6 25. g5 Ne5 26. Qc2 Ng4 27. Bf4 Qh5 28. f3 Nxg5 29. fxg4 Nh3+ 30. Bxh3 Qxh3 31. Qg2 Qh7 32. Rfe1 d4 33. cxd4 f5 34. g5 Qg6 35. Be5 Qb6 36. Kh2 Qa5 37. Rf1 Qxa2 38. Rxf5 Qc4 39. Rdf1 Rc8 40. Rf7 Qe6 41. Rxg7+ 1-0

[Event "Titled Tuesday intern op 30th May Early"]
[Site "Chess.com INT"]
[Date "2023.05.30"]
[Round "5"]
[White "Estrada Nieto, Julian"]
[Black "Brod, Manfred"]
[Result "1-0"]
[WhiteElo "2215"]
[BlackElo "2163"]
[PlyCount "79"]
[EventDate "2023.05.30"]
[EventType "swiss (blitz)"]
[EventRounds "11"]
[EventCountry "USA"]
[SourceTitle "CBM 214 Extra"]
[Source "ChessBase"]
[SourceDate "2023.07.31"]
[SourceVersion "1"]
[SourceVersionDate "2023.07.31"]
[SourceQuality "1"]

1. e4 e6 2. d4 d5 3. Nd2 Nf6 4. e5 Nfd7 5. Bd3 c5 6. c3 Nc6 7. Ne2 cxd4 8. cxd4 f6 9. exf6 Nxf6 10. Nf3 Bd6 11. 0-0 Qc7 12. Bg5 0-0 13. Bh4 Nh5 14. Qc2 h6 15. Bg6 Rxf3 16. gxf3 Bxh2+ 17. Kg2 Nf4+ 18. Nxf4 Bxf4 19. Bg3 Bd7 20. Rfe1 Rf8 21. a3 Rf6 22. Rad1 Qb6 23. Bh5 Nxd4 24. Qd3 Nc6 25. Re2 Na5 26. Rc2 Nc6 27. Re1 Ne7 28. Bg4 Bxg3 29. fxg3 Nf5 30. Bxf5 Rxf5 31. Qe3 Qd8 32. Rec1 a6 33. g4 Rf6 34. Qe5 Bc6 35. Rxc6 bxc6 36. Rxc6 d4 37. Rd6 Qa8 38. Qe4 Qxe4 39. fxe4 Rf1 40. Kxf1 1-0

[Event "Titled Tuesday intern op 18th Apr Late"]
[Site "Chess.com INT"]
[Date "2023.04.18"]
[Round "2"]
[White "Brod, Manfred"]
[Black "Alexikov, Alexander"]
[Result "1/2-1/2"]
[WhiteElo "2179"]
[BlackElo "2223"]
[PlyCount "131"]
[EventDate "2023.04.18"]
[EventType "swiss (blitz)"]
[EventRounds "11"]
[EventCountry "USA"]
[SourceTitle "EXT 2024"]
[Source "ChessBase"]
[SourceDate "2023.10.10"]
[SourceVersion "1"]
[SourceVersionDate "2023.10.10"]
[SourceQuality "1"]

1. e4 c5 2. Nf3 d6 3. d4 cxd4 4. Nxd4 Nf6 5. Nc3 a6 6. Be2 e5 7. Nb3 Be6 8. f4 Qc7 9. g4 h6 10. g5 hxg5 11. fxg5 Nfd7 12. Nd5 Bxd5 13. exd5 Nb6 14. Be3 N8d7 15. Qd2 Rc8 16. 0-0-0 Rh4 17. Kb1 Nc4 18. Bxc4 Rxc4 19. c3 a5 20. Nc1 a4 21. a3 Nc5 22. h4 Ne4 23. Qe1 Nxc3+ 24. bxc3 Rxc3 25. Rh2 Rxa3 26. Rb2 Qc4 27. Bb6 Rc3 28. Ne2 Rb3 29. Rc1 Qd3+ 30. Ka1 Ra3+ 31. Ra2 Rxa2+ 32. Kxa2 Qb3+ 33. Ka1 Rxc1+ 34. Qxc1 Qxb6 35. Qc8+ Qd8 36. Qxb7 Be7 37. Qb5+ Qd7 38. Nc3 Qxb5 39. Nxb5 Kd7 40. Nc3 f6 41. Ne4 f5 42. Ng3 g6 43. Ka2 Kc7 44. Ka3 Kb6 45. Kxa4 Kc5 46. h5 f4 47. Ne4+ Kxd5 48. h6 Kxe4 49. h7 f3 50. h8Q Bxg5 51. Qh2 Bf4 52. Qc2+ Ke3 53. Kb3 f2 54. Qd1 e4 55. Kc4 g5 56. Qf1 g4 57. Kc3 g3 58. Kc2 d5 59. Kd1 Kf3 60. Qh1+ g2 61. Qh3+ Bg3 62. Qf5+ Ke3 63. Qg5+ Kf3 64. Qf5+ Bf4 65. Qh3+ Bg3 66. Qf5+ 1/2-1/2

[Event "Titled Tuesday intern op 18th Apr Late"]
[Site "Chess.com INT"]
[Date "2023.04.18"]
[Round "7"]
[White "Bueno, Alfeu Varela Jr"]
[Black "Brod, Manfred"]
[Result "1-0"]
[WhiteElo "2135"]
[BlackElo "2179"]
[PlyCount "79"]
[EventDate "2023.04.18"]
[EventType "swiss (blitz)"]
[EventRounds "11"]
[EventCountry "USA"]
[SourceTitle "EXT 2024"]
[Source "ChessBase"]
[SourceDate "2023.10.10"]
[SourceVersion "1"]
[SourceVersionDate "2023.10.10"]
[SourceQuality "1"]

1. e4 e6 2. d4 d5 3. Nd2 Be7 4. Ngf3 c5 5. exd5 exd5 6. dxc5 Nf6 7. Nb3 0-0 8. Be3 Nc6 9. c3 Bg4 10. Be2 a5 11. a4 h6 12. 0-0 Re8 13. Re1 Ne4 14. Nfd4 Bxe2 15. Rxe2 Ne5 16. Nf5 Bf8 17. f3 Nf6 18. Bd4 Nfd7 19. f4 Nc4 20. Rxe8 Qxe8 21. Qg4 Kh7 22. Bxg7 Bxc5+ 23. Bd4 Bxd4+ 24. Nbxd4 Qg8 25. Nxh6 Qxg4 26. Nxg4 f5 27. Nxf5 Rg8 28. h3 Nxb2 29. Rb1 Nd3 30. Rxb7 N3c5 31. Nf6+ Kg6 32. Nxg8 Nxb7 33. Nge7+ Kf7 34. Nxd5 Nbc5 35. Nb6 Nxb6 36. g4 Nbxa4 37. Nd4 Nxc3 38. f5 a4 39. Nc2 Nd3 40. Kg2 1-0

[Event "AUT-ch Zwisch Internet"]
[Site "Playchess.com INT"]
[Date "2020.05.02"]
[Round "11"]
[White "Borrmann, Laurenz"]
[Black "Brod, Manfred"]
[Result "1-0"]
[WhiteElo "1880"]
[BlackElo "2211"]
[PlyCount "69"]
[EventDate "2020.05.02"]
[EventType "swiss (blitz)"]
[EventRounds "13"]
[EventCountry "AUT"]
[SourceTitle "CBM 195 Extra"]
[Source "ChessBase"]
[SourceDate "2020.05.31"]
[SourceVersion "1"]
[SourceVersionDate "2020.05.31"]
[SourceQuality "1"]

1. Nf3 c5 2. g3 Nc6 3. Bg2 e5 4. d3 g6 5. 0-0 Bg7 6. c4 Nge7 7. Nc3 d6 8. Rb1 0-0 9. a3 a5 10. b3 Rb8 11. Bb2 h6 12. e3 Be6 13. d4 exd4 14. exd4 Nxd4 15. Nxd4 Bxd4 16. Qd2 Nf5 17. Rbd1 Qf6 18. Ne4 Qg7 19. Bxd4 cxd4 20. Qxa5 b5 21. g4 Nh4 22. Nxd6 Nxg2 23. Kxg2 Bxg4 24. f3 Qe5 25. fxg4 Qxd6 26. cxb5 Qd5+ 27. Rf3 Rxb5 28. Qa4 Rxb3 29. Qxb3 Qd7 30. h3 Re8 31. Qd3 Rb8 32. Qxd4 Rb2+ 33. Qxb2 Qxd1 34. Qb8+ Kg7 35. Qe5+ 1-0

[Event "AUT-ch Zwisch Internet"]
[Site "Playchess.com INT"]
[Date "2020.05.02"]
[Round "4"]
[White "Brod, Manfred"]
[Black "Morgunov, Daniel"]
[Result "0-1"]
[WhiteElo "2211"]
[BlackElo "2326"]
[PlyCount "52"]
[EventDate "2020.05.02"]
[EventType "swiss (blitz)"]
[EventRounds "13"]
[EventCountry "AUT"]
[SourceTitle "CBM 195 Extra"]
[Source "ChessBase"]
[SourceDate "2020.05.31"]
[SourceVersion "1"]
[SourceVersionDate "2020.05.31"]
[SourceQuality "1"]

1. e4 c6 2. d4 d5 3. Nc3 g6 4. Be3 Bg7 5. Qd2 Nf6 6. e5 Ne4 7. Nxe4 dxe4 8. 0-0-0 Be6 9. c4 Qc7 10. f4 b5 11. Kb1 bxc4 12. Ne2 Bd5 13. f5 gxf5 14. Bh6 Bxh6 15. Qxh6 Nd7 16. Nf4 e6 17. Qg5 c3 18. b3 a5 19. Nh5 a4 20. Ng7+ Kf8 21. Qh6 c2+ 22. Kxc2 axb3+ 23. Kb1 Qa5 24. Rd2 bxa2+ 25. Ka1 Qc3+ 26. Rb2 Qe1+ 0-1

[Event "AUT-ch Zwisch Internet"]
[Site "Playchess.com INT"]
[Date "2020.05.02"]
[Round "2"]
[White "Pilshofer, Paul"]
[Black "Brod, Manfred"]
[Result "0-1"]
[WhiteElo "1715"]
[BlackElo "2211"]
[PlyCount "90"]
[EventDate "2020.05.02"]
[EventType "swiss (blitz)"]
[EventRounds "13"]
[EventCountry "AUT"]
[SourceTitle "CBM 195 Extra"]
[Source "ChessBase"]
[SourceDate "2020.05.31"]
[SourceVersion "1"]
[SourceVersionDate "2020.05.31"]
[SourceQuality "1"]

1. d4 Nf6 2. Nf3 g6 3. g3 Bg7 4. Bg2 d5 5. c4 c6 6. 0-0 dxc4 7. Ne5 Be6 8. Nd2 Qxd4 9. Ndf3 Qxd1 10. Rxd1 Nfd7 11. Nxd7 Bxd7 12. Bf4 h6 13. Rac1 b5 14. Be5 f6 15. Bf4 e5 16. Be3 Na6 17. a4 Rb8 18. Bxa7 Rb7 19. Be3 Be6 20. Nxe5 Rc7 21. Nxg6 Rg8 22. Nf4 Bf7 23. Bb6 Rc8 24. Rd6 Nb4 25. Bc5 Nd5 26. axb5 cxb5 27. Nxd5 Rxc5 28. Nxf6+ Bxf6 29. Rxf6 Ke7 30. Ra6 Rd8 31. Rxh6 Rd2 32. Rc6 Rxc6 33. Bxc6 Rxb2 34. Rd1 b4 35. Rd7+ Kf6 36. Rd4 c3 37. Rf4+ Ke7 38. Be4 b3 39. Bd3 c2 40. Re4+ Kf6 41. Rf4+ Ke7 42. Re4+ Kd6 43. Bxc2 bxc2 44. Rd4+ Kc5 45. Rd2 c1Q+ 0-1

[Event "AUT-ch Vor4 Internet"]
[Site "Playchess.com INT"]
[Date "2020.04.25"]
[Round "3"]
[White "Brod, Manfred"]
[Black "Birklbauer, Toni"]
[Result "0-1"]
[WhiteElo "2211"]
[BlackElo "2047"]
[PlyCount "94"]
[EventDate "2020.04.25"]
[EventType "swiss (blitz)"]
[EventRounds "9"]
[EventCountry "AUT"]
[SourceTitle "EXT 2021"]
[Source "ChessBase"]
[SourceDate "2020.10.23"]
[SourceVersion "1"]
[SourceVersionDate "2020.10.23"]
[SourceQuality "1"]

1. e4 c5 2. Nf3 Nc6 3. d4 cxd4 4. Nxd4 Nf6 5. Nc3 e5 6. Ndb5 d6 7. Bg5 a6 8. Na3 Be6 9. Nc4 Rc8 10. Nd5 Bxd5 11. exd5 Ne7 12. Ne3 Qa5+ 13. c3 Nfxd5 14. Nc4 Qc7 15. Be2 f6 16. Bh4 b5 17. Ne3 Nxe3 18. fxe3 Nf5 19. Bf2 Ne7 20. 0-0 d5 21. Bg3 Rd8 22. Bh5+ g6 23. Qg4 Bg7 24. Qe6 Qd6 25. Qh3 gxh5 26. Qxh5+ Ng6 27. Rf5 0-0 28. Raf1 Qb6 29. Bf2 Qb7 30. Rf3 Qf7 31. Rh3 Bh8 32. Be1 Qg7 33. Bd2 f5 34. Rxf5 Rxf5 35. Qxf5 Rf8 36. Qe6+ Qf7 37. Qxf7+ Rxf7 38. g4 e4 39. Rh5 Ne5 40. Kg2 Nf3 41. Bc1 Bg7 42. Rxd5 Ne1+ 43. Kg3 Nd3 44. Bd2 Be5+ 45. Kh4 Rf2 46. Rd7 Rxh2+ 47. Kg5 Rxd2 0-1

[Event "AUT-ch Vor4 Internet"]
[Site "Playchess.com INT"]
[Date "2020.04.25"]
[Round "6"]
[White "Brod, Manfred"]
[Black "Klinkan, Alexander"]
[Result "1-0"]
[WhiteElo "2211"]
[BlackElo "2029"]
[PlyCount "69"]
[EventDate "2020.04.25"]
[EventType "swiss (blitz)"]
[EventRounds "9"]
[EventCountry "AUT"]
[SourceTitle "EXT 2021"]
[Source "ChessBase"]
[SourceDate "2020.10.23"]
[SourceVersion "1"]
[SourceVersionDate "2020.10.23"]
[SourceQuality "1"]

1. e4 d5 2. exd5 Qxd5 3. Nc3 Qd6 4. d4 Nf6 5. Nf3 a6 6. g3 e6 7. Bg2 Be7 8. 0-0 0-0 9. Ne5 Nbd7 10. Bf4 Qb6 11. Nc4 Qa7 12. Bxc7 b5 13. Bd6 Bxd6 14. Nxd6 Rb8 15. Nce4 Nxe4 16. Bxe4 Nf6 17. Nxc8 Rbxc8 18. Bg2 Rfd8 19. c3 b4 20. Qb3 bxc3 21. bxc3 Qc7 22. Rac1 Nd7 23. c4 Nb6 24. c5 Nd5 25. Qc4 Qa5 26. Rb1 Nc3 27. Rb2 Nb5 28. Rd1 Rc7 29. a4 Na7 30. Rdb1 g6 31. Rb7 Rxb7 32. Rxb7 Nc8 33. c6 Kg7 34. c7 Rd7 35. Rb8 1-0

[Event "AUT-ch Vor4 Internet"]
[Site "Playchess.com INT"]
[Date "2020.04.25"]
[Round "8"]
[White "Werdecker, Roland"]
[Black "Brod, Manfred"]
[Result "1-0"]
[WhiteElo "1960"]
[BlackElo "2211"]
[PlyCount "85"]
[EventDate "2020.04.25"]
[EventType "swiss (blitz)"]
[EventRounds "9"]
[EventCountry "AUT"]
[SourceTitle "EXT 2021"]
[Source "ChessBase"]
[SourceDate "2020.10.23"]
[SourceVersion "1"]
[SourceVersionDate "2020.10.23"]
[SourceQuality "1"]

1. d4 Nf6 2. Nf3 g6 3. g3 Bg7 4. Bg2 d5 5. 0-0 c6 6. Nbd2 0-0 7. c4 Ne4 8. Qb3 e6 9. Nxe4 dxe4 10. Ng5 f5 11. Rd1 h6 12. Nh3 g5 13. Kh1 Nd7 14. Bd2 Nf6 15. Bb4 Rf7 16. Rd2 Rd7 17. Rad1 Ng4 18. f3 exf3 19. exf3 Nf6 20. Qe3 Kf7 21. Re2 Qe8 22. Rde1 Rd8 23. Ba5 b6 24. Bc3 Rb8 25. Nf2 Bd7 26. Nd3 b5 27. Ne5+ Kg8 28. f4 Ng4 29. Nxg4 fxg4 30. fxg5 Qg6 31. d5 Bxc3 32. bxc3 exd5 33. cxd5 hxg5 34. Qxa7 Ra8 35. Qc5 Re8 36. dxc6 Rxe2 37. Bd5+ Kh7 38. Rxe2 Bf5 39. c7 Rc8 40. Bb7 Bd3 41. Re7+ Kh6 42. Bxc8 Be4+ 43. Kg1 1-0

[Event "AUT-ch Vor4 Internet"]
[Site "Playchess.com INT"]
[Date "2020.04.25"]
[Round "5"]
[White "Wimmer, Michael"]
[Black "Brod, Manfred"]
[Result "0-1"]
[WhiteElo "1559"]
[BlackElo "2211"]
[PlyCount "62"]
[EventDate "2020.04.25"]
[EventType "swiss (blitz)"]
[EventRounds "9"]
[EventCountry "AUT"]
[SourceTitle "EXT 2021"]
[Source "ChessBase"]
[SourceDate "2020.10.23"]
[SourceVersion "1"]
[SourceVersionDate "2020.10.23"]
[SourceQuality "1"]

1. e4 e6 2. d4 d5 3. Nd2 c5 4. exd5 Qxd5 5. Ngf3 cxd4 6. Nb3 e5 7. Be2 Nc6 8. 0-0 Nf6 9. Bg5 h6 10. Bxf6 gxf6 11. Nfd2 Be6 12. Bf3 Qd8 13. Ne4 f5 14. Nec5 Bxb3 15. Nxb3 e4 16. Be2 Bg7 17. Bc4 0-0 18. Qh5 Qg5 19. Qe2 Ne5 20. Nxd4 Rfd8 21. Nb3 Rd6 22. g3 Nf3+ 23. Kh1 Bxb2 24. Rad1 Qh5 25. h4 Qg4 26. Bxf7+ Kxf7 27. Qc4+ Re6 28. Qc7+ Kf6 29. Kg2 Nxh4+ 30. Kg1 Qh3 31. g4 Nf3# 0-1

[Event "AUT-ch Vor3 Internet"]
[Site "Playchess.com INT"]
[Date "2020.04.17"]
[Round "5"]
[White "Bachler, Reinhard"]
[Black "Brod, Manfred"]
[Result "1-0"]
[WhiteElo "2143"]
[BlackElo "2211"]
[PlyCount "81"]
[EventDate "2020.04.17"]
[EventType "swiss (blitz)"]
[EventRounds "9"]
[EventCountry "AUT"]
[SourceTitle "CBM 195 Extra"]
[Source "ChessBase"]
[SourceDate "2020.05.31"]
[SourceVersion "1"]
[SourceVersionDate "2020.05.31"]
[SourceQuality "1"]

1. f4 d5 2. Nf3 g6 3. g3 Bg7 4. Bg2 e6 5. 0-0 Ne7 6. d3 d4 7. c4 0-0 8. Na3 c5 9. Nc2 Nbc6 10. Bd2 e5 11. Rb1 a5 12. a3 a4 13. b4 axb3 14. Rxb3 f5 15. fxe5 Nxe5 16. Qb1 N7c6 17. Rb5 Qe7 18. Bf4 h6 19. Re1 Ra7 20. Nxe5 Nxe5 21. Rb6 Kh7 22. h4 g5 23. hxg5 hxg5 24. Bd2 f4 25. Be4+ Bf5 26. Rxb7 Rxb7 27. Qxb7 Qxb7 28. Bxb7 fxg3 29. a4 Rb8 30. Bd5 Rb2 31. Rc1 Bxd3 32. exd3 Kh6 33. Be4 Kh5 34. a5 g4 35. Ne1 Rxd2 36. Ra1 Ng6 37. Bxg6+ Kxg6 38. a6 Bh6 39. Ng2 Be3+ 40. Nxe3 dxe3 41. a7 1-0

[Event "AUT-ch Vor3 Internet"]
[Site "Playchess.com INT"]
[Date "2020.04.17"]
[Round "1"]
[White "Neubauer, Anton"]
[Black "Brod, Manfred"]
[Result "0-1"]
[WhiteElo "1879"]
[BlackElo "2211"]
[PlyCount "55"]
[EventDate "2020.04.17"]
[EventType "swiss (blitz)"]
[EventRounds "9"]
[EventCountry "AUT"]
[SourceTitle "CBM 195 Extra"]
[Source "ChessBase"]
[SourceDate "2020.05.31"]
[SourceVersion "1"]
[SourceVersionDate "2020.05.31"]
[SourceQuality "1"]

1. e4 e6 2. Nf3 d5 3. exd5 exd5 4. d4 Bd6 5. Bd3 c6 6. 0-0 Ne7 7. Re1 Bg4 8. h3 Bh5 9. c4 Nd7 10. cxd5 cxd5 11. Nc3 Nb6 12. Bg5 0-0 13. g4 Bg6 14. Bxg6 fxg6 15. Kg2 h6 16. Bh4 a6 17. Qc2 g5 18. Bg3 Bxg3 19. fxg3 Nc4 20. b3 Nd6 21. Re6 Qd7 22. Qe2 Ne4 23. Re5 Nc6 24. Rxd5 Nxc3 25. Qc4 Qxd5 26. Qxc3 Rae8 27. Rd1 Re2+ 28. Kg1 0-1

[Event "AUT-ch Vor2 Internet"]
[Site "Playchess.com INT"]
[Date "2020.04.13"]
[Round "8"]
[White "Brod, Manfred"]
[Black "Bachler, Reinhard"]
[Result "0-1"]
[WhiteElo "2211"]
[BlackElo "2143"]
[PlyCount "86"]
[EventDate "2020.04.13"]
[EventType "swiss (blitz)"]
[EventRounds "9"]
[EventCountry "AUT"]
[SourceTitle "CBM 195 Extra"]
[Source "ChessBase"]
[SourceDate "2020.05.31"]
[SourceVersion "1"]
[SourceVersionDate "2020.05.31"]
[SourceQuality "1"]

1. e4 c5 2. Nf3 d6 3. d4 cxd4 4. Nxd4 Nf6 5. Nc3 a6 6. Be2 e5 7. Nb3 Be6 8. f4 Nbd7 9. f5 Bxb3 10. axb3 d5 11. Nxd5 Nxe4 12. Bf3 Bc5 13. Be3 Bxe3 14. Nxe3 Nec5 15. 0-0 e4 16. Be2 Nf6 17. b4 Ncd7 18. Qd6 Rc8 19. c4 Rc6 20. Qd4 0-0 21. g4 h6 22. c5 Qc7 23. Bc4 b6 24. Rxa6 bxc5 25. bxc5 Rxa6 26. Bxa6 Nxc5 27. Rc1 Nfd7 28. Nd5 Qa5 29. Bc4 Re8 30. f6 e3 31. Ne7+ Kh7 32. Bxf7 Qd2 33. Qxd2 exd2 34. Rd1 Rf8 35. Bc4 Rxf6 36. Rxd2 Rf4 37. b3 Re4 38. Re2 Rxg4+ 39. Rg2 Re4 40. Bg8+ Kh8 41. Bd5 Rxe7 42. b4 Nd3 43. b5 Re1# 0-1

[Event "AUT-ch Vor2 Internet"]
[Site "Playchess.com INT"]
[Date "2020.04.13"]
[Round "5"]
[White "Brod, Manfred"]
[Black "Hiermann, Dietmar"]
[Result "1/2-1/2"]
[WhiteElo "2211"]
[BlackElo "2250"]
[PlyCount "76"]
[EventDate "2020.04.13"]
[EventType "swiss (blitz)"]
[EventRounds "9"]
[EventCountry "AUT"]
[SourceTitle "CBM 195 Extra"]
[Source "ChessBase"]
[SourceDate "2020.05.31"]
[SourceVersion "1"]
[SourceVersionDate "2020.05.31"]
[SourceQuality "1"]

1. e4 e5 2. Nf3 Nc6 3. d4 exd4 4. Nxd4 Nf6 5. Nxc6 bxc6 6. Bd3 d5 7. Qe2 Be7 8. e5 Nd7 9. f4 Nc5 10. 0-0 g6 11. Nd2 Nxd3 12. cxd3 c5 13. Nf3 c6 14. Be3 Rb8 15. b3 Qa5 16. Rfc1 Bf5 17. h3 Qa6 18. Ne1 d4 19. Bd2 Qb6 20. g4 Be6 21. Ng2 h5 22. Rf1 hxg4 23. hxg4 Bd5 24. f5 gxf5 25. Rxf5 Be6 26. Rf3 Kd7 27. Rg3 Rbg8 28. Nf4 Qd8 29. Rf1 Rh4 30. Nxe6 fxe6 31. Rf7 Qe8 32. Qf3 Rgh8 33. g5 Rh1+ 34. Kf2 R1h2+ 35. Rg2 R2h3 36. Rg3 Rh2+ 37. Rg2 R2h3 38. Rg3 Rh2+ 1/2-1/2

[Event "AUT-ch Vor2 Internet"]
[Site "Playchess.com INT"]
[Date "2020.04.13"]
[Round "7"]
[White "Katter, Marlene"]
[Black "Brod, Manfred"]
[Result "0-1"]
[WhiteElo "1609"]
[BlackElo "2211"]
[PlyCount "100"]
[EventDate "2020.04.13"]
[EventType "swiss (blitz)"]
[EventRounds "9"]
[EventCountry "AUT"]
[SourceTitle "CBM 195 Extra"]
[Source "ChessBase"]
[SourceDate "2020.05.31"]
[SourceVersion "1"]
[SourceVersionDate "2020.05.31"]
[SourceQuality "1"]

1. d4 Nf6 2. Bf4 g6 3. e3 Bg7 4. Nf3 0-0 5. c4 d5 6. Nc3 c5 7. dxc5 Qa5 8. Be2 Ne4 9. 0-0 Nxc3 10. bxc3 dxc4 11. Bxc4 Qxc5 12. Bd3 Qxc3 13. Rc1 Qa5 14. Bc7 Qxa2 15. Bc4 Qa3 16. Nd4 Bd7 17. Nc2 Qa4 18. Qe2 Bc6 19. Nd4 Bd7 20. Qd3 Qb4 21. Rfd1 e5 22. Nf3 Bf5 23. e4 Bg4 24. h3 Bxf3 25. Qxf3 Nc6 26. Bd6 Qb6 27. Bxf8 Rxf8 28. Bd5 Nd4 29. Qe3 h6 30. Bc4 Kh7 31. Bd5 a6 32. Qd3 Qd8 33. Qc4 Qg5 34. Qf1 Nf3+ 35. Kh1 Nh4 36. g3 Nf3 37. Qg2 Nd4 38. Bxb7 a5 39. Rc4 Rb8 40. Bd5 Rb2 41. Rcc1 Qf6 42. Rf1 h5 43. Bc4 Bh6 44. Rcd1 Be3 45. Qg1 Nf3 46. Qg2 Nd4 47. Bd3 Bxf2 48. Rxf2 Rxf2 49. Qg1 Qf3+ 50. Qg2 Qxg2# 0-1

[Event "AUT-chT2O 1920"]
[Site "Austria"]
[Date "2019.10.20"]
[Round "2.3"]
[White "Brod, Manfred"]
[Black "Weinzettl, Ernst"]
[Result "1/2-1/2"]
[WhiteElo "2217"]
[BlackElo "2175"]
[PlyCount "92"]
[EventDate "2019.10.19"]
[EventType "team-tourn"]
[EventRounds "11"]
[EventCountry "AUT"]
[SourceTitle "CBM 192 Extra"]
[Source "Chessbase"]
[SourceDate "2019.11.06"]
[SourceVersion "1"]
[SourceVersionDate "2019.11.06"]
[SourceQuality "1"]
[WhiteTeam "Mattersburg"]
[BlackTeam "Poechlarn"]
[WhiteTeamCountry "AUT"]
[BlackTeamCountry "AUT"]

1. e4 e6 2. d4 d5 3. Nc3 Bb4 4. e5 c5 5. a3 Bxc3+ 6. bxc3 Ne7 7. Qg4 Qc7 8. Bd3 c4 9. Be2 Nf5 10. Qh3 Qa5 11. Bd2 Nc6 12. g4 Nfe7 13. f4 Bd7 14. Nf3 0-0-0 15. Qg2 f6 16. 0-0 h5 17. h3 hxg4 18. hxg4 Ng6 19. Qg3 Rh7 20. Kg2 Rdh8 21. Rfd1 Nh4+ 22. Nxh4 Rxh4 23. exf6 gxf6 24. Bf3 Ne7 25. Rh1 Rxh1 26. Rxh1 Rxh1 27. Kxh1 Qb6 28. Qe1 Qd6 29. Bc1 Ng6 30. Qg3 Ba4 31. Qh2 Ne7 32. Qh8+ Kd7 33. Qxf6 Bxc2 34. g5 Qb6 35. Qe5 Qb1 36. Qe1 Bf5 37. Kg2 Ng6 38. Kg3 b5 39. Qe3 a5 40. Qe1 Qd3 41. Qe3 Qf1 42. Bg2 Qd1 43. Bf3 Qb3 44. Bg2 Qb1 45. Bf3 Qb3 46. Bg2 Qb1 1/2-1/2

[Event "AUT-chT2O 1920"]
[Site "Austria"]
[Date "2019.10.19"]
[Round "1.3"]
[White "Newrkla, Katharina"]
[Black "Brod, Manfred"]
[Result "1/2-1/2"]
[WhiteElo "2217"]
[BlackElo "2217"]
[PlyCount "36"]
[EventDate "2019.10.19"]
[EventType "team-tourn"]
[EventRounds "11"]
[EventCountry "AUT"]
[SourceTitle "CBM 192 Extra"]
[Source "Chessbase"]
[SourceDate "2019.11.06"]
[SourceVersion "1"]
[SourceVersionDate "2019.11.06"]
[SourceQuality "1"]
[WhiteTeam "Wien Austria"]
[BlackTeam "Mattersburg"]
[WhiteTeamCountry "AUT"]
[BlackTeamCountry "AUT"]

1. d4 d5 2. c4 dxc4 3. e4 Nf6 4. e5 Nd5 5. Bxc4 Nb6 6. Bb3 Nc6 7. Nf3 Bf5 8. 0-0 e6 9. Nc3 Qd7 10. Be3 0-0-0 11. Bc2 Bg4 12. Be4 f5 13. exf6 gxf6 14. Rc1 f5 15. Bxc6 Qxc6 16. Ne5 Bxd1 17. Nxc6 bxc6 18. Rfxd1 Nd5 1/2-1/2